[Event "AUTO-MASTER-2524"]
[Site "http://www.queenalice.com/game.php?id=1446757"]
[Date "2016.10.21"]
[Round "1"]
[White "neza"]
[Black "bmax1968"]
[Result "1-0"]
[WhiteElo "2195"]
[BlackElo "2276"]

1. e4 d6 2. d4 Nf6 3. Nc3 e5 4. Nge2 Be7 5. g3 O-O 6. Bg2 c6 7. a4 a5 8. O-O Na6
9. b3 Nb4 10. Bb2 Re8 11. Qd2 Bg4 12. h3 Bh5 13. f4 Bg6 14. f5 Bh5 15. Kh1 Bxe2
16. Nxe2 exd4 17. Nxd4 d5 18. e5 Nh5 19. Kh2 Bg5 20. Qd1 Nxg3 21. Kxg3 Rxe5 22.
Kh2 Re3 23. Bc1 Re5 24. c3 Bxc1 25. Rxc1 Na6 26. f6 g6 27. Qd2 Nc5 28. Rce1 Rxe1
29. Qxe1 Nxb3 30. Nxb3 h5 31. Qe7 1-0

[Event "AUTO-MASTER-2524"]
[Site "http://www.queenalice.com/game.php?id=1446758"]
[Date "2016.10.21"]
[Round "1"]
[White "bmax1968"]
[Black "neza"]
[Result "1-0"]
[WhiteElo "2262"]
[BlackElo "2209"]

1. c4 Nf6 2. g3 g6 3. Bg2 Bg7 4. Nc3 d6 5. d4 O-O 6. d5 c5 7. Nf3 e6 8. O-O exd5
9. cxd5 Re8 10. Bf4 Na6 11. a3 Nh5 12. Bg5 Qb6 13. Rb1 Bf5 14. e4 Bxe4 15. Nxe4
Rxe4 16. Nd2 Ree8 17. Nc4 Qc7 18. b4 cxb4 19. Qb3 Rac8 20. Rfc1 b5 21. Nb2 Nc5
22. Qxb4 a6 23. Nd3 Qb6 24. Be3 Nxd3 25. Bxb6 Nxb4 26. axb4 Bc3 27. Rb3 Re1+ 28.
Rxe1 Bxe1 29. Be3 Ng7 30. Rb1 Bc3 31. Bh3 Rc4 32. Rb3 Bxb4 33. Bf1 a5 34. Bxc4
bxc4 35. Rb1 Nf5 36. Bb6 c3 37. Ra1 Ne7 38. Bxa5 Nxd5 39. Bxb4 Nxb4 40. Ra8+ Kg7
41. Rc8 c2 42. Kf1 Kf6 43. Ke2 Ke5 44. Kd2 Kd4 45. Rc7 h6 46. Rxf7 Kc4 47. f4 d5
48. Rc7+ Kb3 49. g4 d4 50. f5 Nd5 51. Rxc2 gxf5 52. gxf5 Nf6 53. Rc6 Nh7 54.
Rxh6 Ng5 55. Kd3 Ka3 56. Kxd4 1-0

[Event "AUTO-MASTER-2524"]
[Site "http://www.queenalice.com/game.php?id=1446769"]
[Date "2016.10.21"]
[Round "1"]
[White "Poluco"]
[Black "bmax1968"]
[Result "0-1"]
[WhiteElo "1977"]
[BlackElo "2259"]

1. Nf3 d6 2. e4 e5 3. d4 exd4 4. Qxd4 Nf6 5. Bg5 Be7 6. Be2 h6 7. Bd2 O-O 8. Nc3
c5 9. Qa4 Bd7 10. Bb5 a6 11. Bxd7 Nbxd7 12. a3 b5 13. Qb3 c4 14. Qa2 Nc5 15. O-O
Ncxe4 16. Nxe4 Nxe4 17. Be3 Bf6 18. c3 Re8 19. a4 d5 20. axb5 axb5 21. Qb1 Qb8
22. Bd4 Bxd4 23. cxd4 c3 24. bxc3 Nxc3 25. Qb3 b4 26. Kh1 Rxa1 27. Rxa1 Re2 28.
Kg1 f6 29. Kf1 Qb5 30. Kg1 g5 0-1

[Event "AUTO-MASTER-2524"]
[Site "http://www.queenalice.com/game.php?id=1446770"]
[Date "2016.10.21"]
[Round "1"]
[White "bmax1968"]
[Black "Poluco"]
[Result "1-0"]
[WhiteElo "2255"]
[BlackElo "1982"]

1. c4 e5 2. g3 Nf6 3. Bg2 Be7 4. Nf3 O-O 5. Nc3 d6 6. d4 exd4 7. Nxd4 Re8 8. O-O
Bf8 9. e3 c6 10. Qd3 Nbd7 11. b3 Nb6 12. e4 Bd7 13. Bg5 h6 14. Bf4 Bg4 15. h3
Bh5 16. Nf5 Bg6 17. Rad1 Bxf5 18. exf5 d5 19. cxd5 Nbxd5 20. Bxd5 Nxd5 21. Nxd5
cxd5 22. Qxd5 Qxd5 23. Rxd5 Re2 24. Bd2 b6 25. Rd1 Bc5 26. Rf1 Rae8 27. b4 Bf8
28. Rd1 R2e5 29. Rxe5 Rxe5 30. Bf4 1-0

[Event "AUTO-MASTER-2524"]
[Site "http://www.queenalice.com/game.php?id=1446775"]
[Date "2016.10.21"]
[Round "1"]
[White "yamato"]
[Black "bmax1968"]
[Result "0-1"]
[WhiteElo "2296"]
[BlackElo "2263"]

1. d4 d6 2. e4 Nf6 3. Nc3 e5 4. Nf3 Nbd7 5. Bc4 Be7 6. O-O O-O 7. Qe2 exd4 8.
Nxd4 Ne5 9. Bb3 c5 10. Nf5 Bxf5 11. exf5 Qd7 12. f4 Nc6 13. g4 Nd4 14. Qg2 Nxb3
15. axb3 Bd8 16. Rd1 Re8 17. g5 Nh5 18. Qf3 g6 19. fxg6 hxg6 20. Be3 Qf5 21. Qf2
Bb6 22. Nd5 Rac8 23. Rd2 Re4 24. Qf3 Rce8 25. Re1 c4 26. bxc4 Rxc4 27. c3 Nxf4
28. Nf6+ Kf8 29. Nxe8 Nh3+ 30. Kg2 Rg4+ 31. Qg3 Rxg3+ 32. hxg3 Kxe8 33. Bxb6+
Kd7 34. Be3 Nxg5 35. Bxg5 Qxg5 36. Red1 Qe5 37. Rd5 Qe2+ 38. Kg1 Qxb2 39. Rxd6+
Ke7 40. Rd7+ Kf8 41. R1d3 a5 42. Rf3 Qb3 43. Re3 a4 44. Ree7 a3 45. Rxb7 a2 0-1

[Event "AUTO-MASTER-2524"]
[Site "http://www.queenalice.com/game.php?id=1446776"]
[Date "2016.10.21"]
[Round "1"]
[White "bmax1968"]
[Black "yamato"]
[Result "1/2-1/2"]
[WhiteElo "2276"]
[BlackElo "2269"]

1. c4 e5 2. g3 Nf6 3. Bg2 d5 4. cxd5 Nxd5 5. Nf3 Nc6 6. Nc3 Nb6 7. O-O Be7 8. e3
Bg4 9. h3 Be6 10. d4 exd4 11. exd4 Nd5 12. Ne5 Nxc3 13. bxc3 Nxe5 14. dxe5 c6
15. Be3 O-O 16. a4 Qc7 17. Bd4 c5 18. Be3 Qxe5 19. Bxb7 Rab8 20. Ba6 Qxc3 21.
Rc1 Qa5 22. Bd3 Rfd8 23. Qc2 h6 24. h4 Rdc8 25. Bd2 Qd8 26. Bh7+ Kh8 27. Bf4 Rb4
28. Bf5 Bf6 29. Bxe6 fxe6 30. Rfd1 Qe8 31. Bd6 Qxa4 32. Qg6 Rc4 33. Qf7 Rxc1 34.
Rxc1 Qa2 35. Re1 c4 36. Rxe6 Qa1+ 37. Kg2 a5 38. Re8+ Rxe8 39. Qxe8+ Kh7 40.
Qe4+ Kh8 41. Qxc4 Qc3 42. Qa4 Qd3 43. Bc7 Bc3 44. Qe8+ Kh7 45. Qc6 Be1 46. Bb6
Qg6 47. Qb5 Qe4+ 48. f3 Qg6 49. g4 Bxh4 50. Qxa5 Qc2+ 51. Kh3 Bg5 52. Qe5 Qg6
53. Be3 Bxe3 54. Qxe3 Qc2 55. Kg3 1/2-1/2

[Event "AUTO-MASTER-2588"]
[Site "http://www.queenalice.com/game.php?id=1475673"]
[Date "2017.4.28"]
[Round "1"]
[White "bmax1968"]
[Black "alvm"]
[Result "1-0"]
[WhiteElo "2286"]
[BlackElo "2029"]

1. b3 d5 2. Bb2 c5 3. e3 Nf6 4. Nf3 Nc6 5. Bb5 Bg4 6. O-O e6 7. h3 Bxf3 8. Qxf3
Be7 9. Bxc6+ bxc6 10. d3 O-O 11. Nd2 Qc7 12. e4 e5 13. Rae1 d4 14. Nc4 a5 15.
Qf5 Bd6 16. f4 Rfe8 17. fxe5 Bxe5 18. Ba3 a4 19. Bxc5 axb3 20. axb3 Bh2+ 21. Kh1
Bg3 22. Re2 Nd7 23. Qxf7+ Kh8 24. Bxd4 Be5 25. Bxe5 Nxe5 26. Qxc7 1-0

[Event "AUTO-MASTER-2588"]
[Site "http://www.queenalice.com/game.php?id=1475674"]
[Date "2017.4.28"]
[Round "1"]
[White "alvm"]
[Black "bmax1968"]
[Result "0-1"]
[WhiteElo "2065"]
[BlackElo "2278"]

1. d4 d6 2. c4 e5 3. dxe5 dxe5 4. Qxd8+ Kxd8 5. Nc3 Be6 6. e4 Nf6 7. Bg5 Kc8 8.
Nf3 Nbd7 9. Be2 c6 10. O-O Bb4 11. Bd3 Nc5 12. Nxe5 Bxc3 13. bxc3 Nfd7 14. Nxd7
Nxd3 15. Rfd1 Bxc4 16. Rd2 Kxd7 17. Rad1 Ke6 18. Rxd3 Bxd3 19. Rxd3 f6 20. Be3
Rhd8 21. Rd4 Rxd4 22. cxd4 b5 23. Kf1 a5 24. Ke2 b4 25. Kd3 a4 26. Kc4 b3 27.
axb3 a3 28. d5+ cxd5+ 29. exd5+ Kd6 30. Bc5+ Kd7 31. Bd4 a2 32. Ba1 Rc8+ 33. Kd4
Rc2 34. b4 Rxf2 35. b5 Rf1 36. Bc3 Rb1 37. Kc5 Rc1 38. Kb4 Rxc3 39. Kxc3 a1=Q+
40. Kc4 Kd6 0-1

[Event "AUTO-MASTER-2588"]
[Site "http://www.queenalice.com/game.php?id=1475675"]
[Date "2017.4.28"]
[Round "1"]
[White "bmax1968"]
[Black "Rookymoves"]
[Result "1-0"]
[WhiteElo "2268"]
[BlackElo "2207"]

1. b3 e5 2. Bb2 Nc6 3. e3 Nf6 4. Bb5 d6 5. Ne2 a6 6. Bxc6+ bxc6 7. O-O Be7 8. f4
exf4 9. Nxf4 Bg4 10. Qe1 O-O 11. Qg3 Qd7 12. d3 Bf5 13. e4 Bg6 14. Nd2 Qg4 15.
Qxg4 Nxg4 16. Rae1 Bf6 17. Bxf6 Nxf6 18. e5 Nd5 19. Nxg6 hxg6 20. a3 Rae8 21.
exd6 cxd6 22. Ne4 Re6 23. c4 Nf6 24. Nxf6+ gxf6 25. Rxe6 fxe6 26. b4 Kf7 27. h4
e5 28. g3 Ke6 29. Kf2 g5 30. h5 g4 31. h6 Rh8 32. Rh1 Rh7 33. Rh5 c5 34. b5 Kf7
35. bxa6 Kg8 36. Rf5 Rf7 37. a7 Rxa7 38. Rxf6 Rxa3 39. Ke3 Ra6 40. Ke4 Kh7 41.
Kf5 Ra7 42. Kxg4 Rd7 43. Kh5 d5 44. g4 dxc4 45. g5 cxd3 46. g6+ Kg8 47. Re6 Rd8
48. Re7 d2 49. h7+ Kf8 50. Rf7+ 1-0

[Event "AUTO-MASTER-2588"]
[Site "http://www.queenalice.com/game.php?id=1475676"]
[Date "2017.4.28"]
[Round "1"]
[White "Rookymoves"]
[Black "bmax1968"]
[Result "1/2-1/2"]
[WhiteElo "2147"]
[BlackElo "2272"]

1. e4 d6 2. Nf3 Nf6 3. Bc4 Nxe4 4. d3 Nf6 5. Bg5 e5 6. O-O Be7 7. Nc3 c6 8. d4
exd4 9. Qxd4 O-O 10. Rfe1 Nbd7 11. Qh4 b5 12. Bd3 h6 13. Bxh6 gxh6 14. Qxh6 Nc5
15. Qg5+ Kh8 16. Qh6+ Kg8 17. Qg5+ 1/2-1/2

[Event "AUTO-MASTER-2588"]
[Site "http://www.queenalice.com/game.php?id=1475677"]
[Date "2017.4.28"]
[Round "1"]
[White "bmax1968"]
[Black "tariann"]
[Result "1-0"]
[WhiteElo "2277"]
[BlackElo "2174"]

1. b3 e5 2. Bb2 Nc6 3. e3 d5 4. Bb5 e4 5. Ne2 Nf6 6. d3 exd3 7. cxd3 Be7 8.
Bxc6+ bxc6 9. O-O O-O 10. Nd2 Bg4 11. Rc1 Qd7 12. h3 Bh5 13. g4 Bg6 14. Nf3 Rfe8
15. Ne5 Qc8 16. Nxc6 Bd6 17. Nf4 Bxf4 18. exf4 h6 19. f5 Bh7 20. Bxf6 gxf6 21.
Qf3 Qd7 22. Nd4 Re5 23. Rc6 Kg7 24. Rfc1 Rae8 25. Rxc7 Qd6 26. R1c6 Qa3 27. Ne6+
1-0

[Event "AUTO-MASTER-2588"]
[Site "http://www.queenalice.com/game.php?id=1475678"]
[Date "2017.4.28"]
[Round "1"]
[White "tariann"]
[Black "bmax1968"]
[Result "0-1"]
[WhiteElo "2183"]
[BlackElo "2268"]

1. e4 d6 2. d4 Nf6 3. Nc3 e5 4. dxe5 dxe5 5. Qxd8+ Kxd8 6. Nf3 Bd6 7. Bg5 Be6 8.
O-O-O Nd7 9. Nb5 Ke7 10. Be2 a6 11. Nc3 h6 12. Bxf6+ Nxf6 13. Nd5+ Nxd5 14. exd5
Bg4 15. Rd2 b5 16. h3 Bd7 17. Rhd1 f6 18. Nh4 Rhd8 19. Ng6+ Kf7 20. Bh5 Kg8 21.
Kb1 e4 22. Be2 Kh7 0-1

[Event "AUTO-OPEN-3806"]
[Site "http://www.queenalice.com/game.php?id=1479731"]
[Date "2017.5.26"]
[Round "1"]
[White "bmax1968"]
[Black "clovis"]
[Result "0-1"]
[WhiteElo "2291"]
[BlackElo "1926"]

1. b3 e5 2. Bb2 Nc6 3. e3 Nf6 4. Bb5 e4 5. Ne2 d5 6. d3 Bd6 7. dxe4 dxe4 8. Nd2
Bf5 9. Ng3 Bxg3 10. Bxc6+ bxc6 11. fxg3 O-O 12. O-O Bg6 13. Bxf6 gxf6 14. Qg4
Qxd2 15. Qf4 Rad8 16. g4 Qxc2 17. h4 Rd2 0-1

[Event "AUTO-OPEN-3806"]
[Site "http://www.queenalice.com/game.php?id=1479732"]
[Date "2017.5.26"]
[Round "1"]
[White "clovis"]
[Black "bmax1968"]
[Result "0-1"]
[WhiteElo "1937"]
[BlackElo "2290"]

1. e4 d6 2. Bc4 Nf6 3. Nc3 g6 4. Nf3 Bg7 5. d4 O-O 6. O-O c6 7. Bg5 b5 8. Bxf6
Bxf6 9. Nxb5 d5 10. Bb3 dxe4 0-1

[Event "AUTO-OPEN-3806"]
[Site "http://www.queenalice.com/game.php?id=1479733"]
[Date "2017.5.26"]
[Round "1"]
[White "bmax1968"]
[Black "Jackzapo"]
[Result "1-0"]
[WhiteElo "2287"]
[BlackElo "1838"]

1. b3 e5 2. Bb2 Nc6 3. e3 Nf6 4. Bb5 a6 5. Bxc6 bxc6 6. Bxe5 d6 7. Bb2 Be7 8.
Nf3 O-O 9. O-O Re8 10. d3 d5 11. Ne5 Qd6 12. f4 Bf5 13. Nd2 c5 14. c4 d4 15. e4
Bd7 16. Nxd7 Nxd7 17. e5 Qg6 18. Ne4 Rac8 19. Qf3 h6 20. f5 Qh7 21. e6 fxe6 22.
fxe6 Nf6 23. Rae1 Rf8 24. Ng5 hxg5 25. Bc1 Nh5 26. Qc6 Qxd3 27. Qd7 Rxf1+ 28.
Rxf1 Rf8 29. Rxf8+ Bxf8 30. Qf7+ Kh8 31. Qxf8+ Kh7 32. Bxg5 Qd1+ 33. Qf1 Qc2 34.
e7 Qe4 35. Qf3 Qe1+ 36. Qf1 Qe6 37. Qb1+ g6 38. Qf1 Ng7 39. h4 Nf5 40. Qf4 Qd7
41. Qe5 d3 42. e8=Q 1-0

[Event "AUTO-OPEN-3806"]
[Site "http://www.queenalice.com/game.php?id=1479734"]
[Date "2017.5.26"]
[Round "1"]
[White "Jackzapo"]
[Black "bmax1968"]
[Result "0-1"]
[WhiteElo "1793"]
[BlackElo "2284"]

1. d4 d6 2. e4 Nf6 3. Nc3 g6 4. Nf3 Bg7 5. Be2 O-O 6. O-O c6 7. h3 b5 8. a3 a5
9. b3 Nbd7 10. Bd3 e5 11. d5 cxd5 12. exd5 Nc5 13. Be2 Re8 14. Re1 Ba6 15. Be3
Nce4 16. Nxe4 Nxe4 17. Bd3 Nc3 18. Qd2 e4 0-1

[Event "AUTO-OPEN-3806"]
[Site "http://www.queenalice.com/game.php?id=1479735"]
[Date "2017.5.26"]
[Round "1"]
[White "bmax1968"]
[Black "rogervolei"]
[Result "1-0"]
[WhiteElo "2285"]
[BlackElo "1846"]

1. b3 e5 2. Bb2 Nc6 3. e3 a6 4. Ne2 d6 5. d4 Be6 6. d5 Bxd5 7. Qxd5 Nf6 8. Qf3
h5 9. Nbc3 Be7 10. O-O-O g5 11. Nd5 g4 12. Qf5 Nxd5 13. Rxd5 Qd7 14. Qxd7+ Kxd7
15. Ng3 Ke6 16. Bc4 Kf6 17. f4 Rag8 18. fxe5+ dxe5 19. Rf1+ Kg6 20. Bd3+ Kg5 21.
Bxe5 Nxe5 22. Rxe5+ 1-0

[Event "AUTO-OPEN-3806"]
[Site "http://www.queenalice.com/game.php?id=1479736"]
[Date "2017.5.26"]
[Round "1"]
[White "rogervolei"]
[Black "bmax1968"]
[Result "0-1"]
[WhiteElo "1827"]
[BlackElo "2286"]

1. e3 d6 2. h3 Nf6 3. a3 g6 4. g4 Bg7 5. Bg2 O-O 6. Nc3 c6 7. b4 e5 8. Nge2 d5
9. Bb2 Ne8 10. d3 f5 11. gxf5 Bxf5 12. e4 dxe4 13. dxe4 Qxd1+ 14. Rxd1 Be6 15.
O-O b5 16. a4 Bc4 17. Rfe1 Na6 18. Ba3 c5 19. bxc5 b4 20. Nd5 bxa3 21. Ra1 a2
22. Nec3 Nxc5 23. Nxa2 Bxd5 24. exd5 Nxa4 25. Nb4 Nb6 26. Nc6 e4 27. Rxa7 Rxa7
28. Nxa7 Nxd5 29. Rxe4 Nc3 30. Re1 Bd4 31. Rf1 Bxa7 0-1

[Event "AUTO-MASTER-2588"]
[Site "http://www.queenalice.com/game.php?id=1498135"]
[Date "2017.10.9"]
[Round "2"]
[White "bmax1968"]
[Black "cerenzo72"]
[Result "0-1"]
[WhiteElo "2288"]
[BlackElo "2214"]

1. b3 e5 2. Bb2 Nc6 3. e3 d5 4. Bb5 Bd7 5. Bxc6 Bxc6 6. Bxe5 Qg5 7. Nf3 Qxg2 8.
Rg1 Qh3 9. Bxc7 f6 10. Nc3 Qd7 11. Bf4 Ne7 12. Nd4 O-O-O 13. a4 g5 14. Bg3 h5
15. h3 h4 16. Bh2 Qxh3 17. Qg4+ Qxg4 18. Rxg4 Bd7 19. Ncb5 Bxg4 0-1

[Event "AUTO-MASTER-2588"]
[Site "http://www.queenalice.com/game.php?id=1498136"]
[Date "2017.10.9"]
[Round "2"]
[White "cerenzo72"]
[Black "bmax1968"]
[Result "0-1"]
[WhiteElo "2157"]
[BlackElo "2251"]

1. c4 d6 2. d4 e5 3. dxe5 dxe5 4. Qxd8+ Kxd8 5. Nc3 Be6 6. b3 Nd7 7. Bb2 c6 8.
Rd1 f6 9. e3 Kc7 10. Be2 Nc5 11. Nf3 Nh6 12. O-O Rd8 13. b4 Nd7 14. b5 Bc5 15.
bxc6 bxc6 16. Na4 Bb4 17. a3 Ba5 18. Rb1 Nf5 19. c5 Rb8 20. Bc3 Bxc3 21. Nxc3
Nxc5 22. Rfd1 Rxb1 23. Rxb1 Rd8 24. g3 e4 25. Ne1 g6 26. Rb4 Rd2 27. Kf1 a5 28.
Rb1 Nd6 29. Bd1 Bc4+ 30. Be2 Bxe2+ 31. Nxe2 Nd3 32. Nxd3 exd3 33. Nc3 Rc2 34.
Nd1 Ne4 35. Rb2 c5 36. f3 Nd2+ 37. Kf2 Nc4+ 0-1

[Event "AUTO-MASTER-2588"]
[Site "http://www.queenalice.com/game.php?id=1498137"]
[Date "2017.10.9"]
[Round "2"]
[White "bmax1968"]
[Black "orionchess"]
[Result "0-1"]
[WhiteElo "2245"]
[BlackElo "2225"]

1. b3 Nf6 2. Bb2 d6 3. e3 Nbd7 4. Nf3 g6 5. c4 Bg7 6. d4 O-O 7. Be2 c6 8. O-O a6
9. a4 Re8 10. a5 Qc7 11. b4 e5 12. dxe5 Nxe5 13. Nbd2 Bf5 14. Nxe5 dxe5 15. c5
Rad8 16. Qc1 Ne4 17. Nxe4 Bxe4 18. f3 Bd3 19. Bxd3 Rxd3 20. e4 Red8 21. Ra3 Rd2
22. Bc3 R2d7 23. Ra2 Rd3 24. h3 Qe7 25. Raf2 Qh4 26. f4 Qe7 27. fxe5 Qh4 28. Rf4
Qg5 29. h4 Qg3 30. Be1 Qe3+ 31. Qxe3 Rxe3 32. Bf2 Re2 33. Bg3 Bxe5 34. R4f3 Bxg3
35. Rxg3 Rxe4 36. h5 Rxb4 37. hxg6 hxg6 38. Re3 Rd7 39. Rfe1 Kg7 40. Kf2 Rb5 0-1

[Event "AUTO-MASTER-2588"]
[Site "http://www.queenalice.com/game.php?id=1498138"]
[Date "2017.10.9"]
[Round "2"]
[White "orionchess"]
[Black "bmax1968"]
[Result "1-0"]
[WhiteElo "2197"]
[BlackElo "2260"]

1. d4 d6 2. e4 Nf6 3. Bd3 g6 4. Nf3 Bg7 5. c3 O-O 6. O-O Nc6 7. Nbd2 e5 8. Re1
exd4 9. cxd4 a5 10. Bb1 a4 11. d5 Ne5 12. Nxe5 dxe5 13. Nf1 Bd7 14. a3 Nh5 15.
g3 Nf6 16. Ne3 c5 17. dxc6 Bxc6 18. Qf3 Qb6 19. Nd1 Nd7 20. Ba2 Nc5 21. Be3 Rad8
22. Nc3 Qa5 23. Rad1 Nb3 24. Bxb3 axb3 25. Nd5 Rfe8 26. Bb6 Qa8 27. Ne7+ Kf8 28.
Rxd8 Rxd8 29. Nxc6 bxc6 30. Bxd8 Qxd8 31. Qxb3 Bh6 32. Rd1 Qa5 33. Qb7 1-0

[Event "AUTO-MASTER-2588"]
[Site "http://www.queenalice.com/game.php?id=1498139"]
[Date "2017.10.9"]
[Round "2"]
[White "bmax1968"]
[Black "goldenboy"]
[Result "0-1"]
[WhiteElo "2274"]
[BlackElo "1876"]

1. b3 d5 2. Bb2 c5 3. e3 Nc6 4. Bb5 Nf6 5. Nf3 Bg4 6. O-O e6 7. c4 Be7 8. cxd5
Qxd5 9. Nc3 Qh5 10. Bxc6+ bxc6 11. h3 Bxf3 12. Qxf3 Qxf3 13. gxf3 Rd8 14. Rad1
Rd3 15. Ne2 Bd6 16. Nc3 Be5 17. f4 Bc7 18. Na4 Ne4 19. Bxg7 Rg8 0-1

[Event "AUTO-MASTER-2588"]
[Site "http://www.queenalice.com/game.php?id=1498140"]
[Date "2017.10.9"]
[Round "2"]
[White "goldenboy"]
[Black "bmax1968"]
[Result "1-0"]
[WhiteElo "1930"]
[BlackElo "2232"]

1. e4 d6 2. d4 Nf6 3. Nc3 g6 4. Bg5 Bg7 5. Qd2 O-O 6. O-O-O c6 7. Nf3 b5 8. e5
dxe5 9. dxe5 Qxd2+ 10. Rxd2 b4 11. Nd1 Nd5 12. Bc4 e6 13. Bxd5 exd5 14. Be7 Re8
15. Bxb4 Bg4 16. Bd6 Nd7 17. Nd4 Bxe5 18. Bxe5 Nxe5 19. b3 Bd7 20. f4 Ng4 21. h3
Nf6 22. Nf2 c5 23. Nf3 d4 24. Ne5 Bf5 25. g4 Be6 26. Re1 Rac8 27. Kb2 Red8 28.
Ne4 Nxe4 29. Rxe4 Bd5 30. Re1 1-0

[Event "LoveChess vs bmax1968"]
[Site "http://www.queenalice.com/game.php?id=1515313"]
[Date "2018.2.9"]
[Round "-"]
[White "LoveChess"]
[Black "bmax1968"]
[Result "1-0"]
[WhiteElo "2888"]
[BlackElo "2246"]

1. e4 d6 2. d4 Nf6 3. Nc3 e5 4. dxe5 dxe5 5. Qxd8+ Kxd8 6. Nf3 Bd6 7. Be3 Ke7 8.
Bc4 Be6 9. Bxe6 Kxe6 10. O-O-O h6 11. Nh4 c6 12. Nf5 Ne8 13. Rd3 g6 14. Nxd6
Nxd6 15. Rhd1 Nc4 16. Rd8 Na6 17. R8d7 Nb4 18. b3 Na3 19. R1d6# 1-0